| 000 | 00769cam a2200229 a 4500 | ||
|---|---|---|---|
| 001 | 15357541 | ||
| 005 | 20250115182434.0 | ||
| 008 | 080708s2009 maua 001 0 eng | ||
| 020 | _a9780073381473 (pbk. : alk. paper) | ||
| 020 | _a0073381470 (pbk. : alk. paper) | ||
| 050 | 0 | 0 |
_aHF5549 _b.F86 2009 |
| 082 | 0 | 0 |
_a658.3 _222 |
| 245 | 0 | 0 |
_aFundamentals of human resource management / _cRaymond A. Noe ... [et al.]. |
| 250 | _a3rd ed. | ||
| 260 |
_aBoston : _bMcGraw-Hill/Irwin, _cc2009. |
||
| 300 |
_axxxi, 527 p. : _bcol. ill. ; _c26 cm. |
||
| 500 | _aIncludes indexes. | ||
| 650 | 0 | _aPersonnel management. | |
| 700 | 1 | _aNoe, Raymond A. | |
| 856 | 4 | 1 |
_3Table of contents only _uhttp://www.loc.gov/catdir/toc/ecip0822/2008029819.html |
| 942 |
_2lcc _cBK _e3rd Ed. _n0 |
||
| 999 |
_c2575 _d2575 |
||